Países más Fríos en Julio - Estadísticas

Estadísticas generales
  • Esta prueba ha sido intentada 274 veces
  • La puntuación promedio es 14 de 20
Estadísticas de respuestas
° C País ° F % Correcto
8.2 Argentina 46.8
96%
4.9 Chile 40.9
96%
14.9 Australia 58.8
91%
15.8 Rusia 60.4
91%
6.0 Nueva Zelanda 42.7
89%
12.1 Sudáfrica 53.7
89%
12.9 Canadá 55.1
86%
12.2 Noruega 54.0
85%
11.5 Uruguay 52.6
85%
9.2 Islandia 48.6
82%
15.1 Suecia 59.2
82%
6.1 Lesoto 43.1
65%
15.1 Reino Unido 59.2
60%
15.1 Irlanda 59.3
58%
14.8 Namibia 58.6
55%
15.0 Botsuana 59.0
51%
15.6 Suiza 60.2
36%
12.4 Bután 54.2
32%
15.9 Kirguistán 60.6
22%
14.9 Tayikistán 58.8
20%
No se encontraron pruebas coincidentes
Distribución de puntuación
Porcentaje de gente con cada puntuación
Porcentaje por número respondido
Historial de tus puntuaciones
No has intentado esta prueba.